Koncertná sála a divadlo pre milióny "chudobných" S dramaturgom Milanom Materákom

Podrobná bibliografia
Hlavní autori: Materák, Milan, 1946- (Autor), Gregorová, Anna (Autor)
Médium: Článok
Jazyk:slovenčina
Fyzický popis:Fot. 1.
Predmet:

MARC

LEADER 00000nab a2200000 a 4500
001 vtls000401415
003 SK-MaSNL
005 20260304011522.0
008 140422c1990 xo 0 slo
015 |a SNBRB19rr/mm-uuuuu 
035 |a CL0401539 
040 |a SNKBUCL  |b slo  |c SNKBUCL  |e AACR2 
041 0 |a slo 
044 |a xo  |c SK 
080 |a 7.096(437.6):336.1/.5  |2 1981 
080 |a 336.1/.5  |2 1981 
100 1 |a Materák, Milan,  |d 1946-  |4 aut  |9 40017 
245 1 0 |a Koncertná sála a divadlo pre milióny "chudobných"  |b S dramaturgom Milanom Materákom  |c Milan Materák, Anna Gregorová 
300 |b Fot. 1. 
610 2 7 |a Slovenský rozhlas  |2 snkbucl  |9 145763 
655 7 |a články z novín a časopisov  |2 snkbucl  |9 267496 
700 1 |a Gregorová, Anna  |4 aut  |9 267065 
773 0 |t Literárny týždenník  |g Roč. 3, č. 49 (1990), s. 14-15 
850 |a Slovenská národná knižnica v Martine  |a MTA001 
852 |a SNK  |b KIS3GCP 
958 |a RK 
999 |c 2566767  |d 2568697